000 00448ntaaa2200181 4500
003 01
005 20251027202116.0
008 0714s1973 ag 01
040 _aAR-BaBN
_bspa
_cAR-BaBN
_eaacr
_dRIC
082 _a252.4000 W15
100 _aWall, Zeno
_919536
245 _aVerities of the gospel
250 _a1 ed.
260 _aNashville :
_bBroadman Press,
_c1946
300 _a173 p
650 _asermones-evangelización
_916345
942 _cBK
999 _c15934
_d15934